Normal view
MARC view
- Electricity. Friendship. Tourette syndrome.
Entry Topical Term
001 - CONTROL NUMBER
- control field: 85931
003 - CONTROL NUMBER IDENTIFIER
- control field: OSt
005 - DATE AND TIME OF LATEST TRANSACTION
- control field: 20250113123436.0
008 - FIXED-LENGTH DATA ELEMENTS
- fixed length control field: 250113|| aca||aabn | a|a d
040 ## - CATALOGING SOURCE
- Original cataloging agency: OSt
- Transcribing agency: OSt
150 ## - HEADING--TOPICAL TERM
- Topical term or geographic name as entry element: Electricity. Friendship. Tourette syndrome.
- Form subdivision: Fiction.
- Geographic subdivision: Peru
670 ## - SOURCE DATA FOUND
- Source citation: Work cat.: (OSt)48181: Evans, Richard Paul., Michael Vey:, 2014.